Intrakortikální inhibice a facilitace jsou postiženy u pacientů v časném stadiu Parkinsonovy nemoci - studie pomocí párové TMS

Bibliographic Details
Main Authors: Bareš, Martin, 1965- (Author), Kaňovský, Petr, 1961- (Author), Klajblová, H. (Author), Rektor, Ivan 1948- (Author)
Format: Article
Language:Czech
ISSN:1335-9592
Subjects:

MARC

LEADER 00000nab a2200000 a 4500
001 vtls000874079
003 SK-MaSNL
005 20260304030641.0
008 141006c2003 xo 0 cze
015 |a SNBRB2004/05-ccccc 
035 |a CLN000225631 
040 |a SNKBUCL  |b slo  |c SNKBUCL  |e AACR2 
041 0 |a cze 
044 |a xo  |c SK 
080 |a 616.858-073.8  |2 1997 
245 0 0 |a Intrakortikální inhibice a facilitace jsou postiženy u pacientů v časném stadiu Parkinsonovy nemoci - studie pomocí párové TMS  |c M. Bareš ... [et al.] 
650 0 7 |a Parkinsonova choroba  |x diagnostika  |2 MESH  |9 1055570 
650 0 7 |a stimulácia fyzikálna  |2 MESH  |9 1309289 
650 0 7 |a abstrakty  |2 MESH  |9 90504 
650 0 7 |a stimulácia párová transkraniálna magnetická  |2 snkbucl  |9 1309290 
655 7 |a články z novín a časopisov  |2 snkbucl  |9 267496 
700 1 |a Bareš, Martin,  |d 1965-  |4 aut  |9 113704 
700 1 |a Kaňovský, Petr,  |d 1961-  |4 aut  |9 112492 
700 1 |a Klajblová, H.  |4 aut  |9 1309155 
700 1 |a Rektor, Ivan  |d 1948-  |4 aut  |9 1309088 
773 0 |t Neurológia pre prax  |g Roč. 4, č. 5 (2003), s. 263  |x 1335-9592 
850 |a Slovenská národná knižnica v Martine 
852 |a SNK  |b KIS3GCP 
958 |a MI 
999 |c 2634849  |d 2636779